000 00519nam a2200217Ia 4500
003 OSt
005 20230612162259.0
008 210423s2017 xx 000 0 und d
020 _a978-0-143-42959-3
040 _cAL
041 _aeng
082 _a823.914
_223
_bSETG
100 _aSETH (Vikram)
_980970
245 _aGolden gate
260 _aHaryana
_bPenguin Books Ltd
_c2017
300 _a201
_bPB
365 _b299
_cINR
650 _aEnglish Fiction
_980971
906 _agate ; Golden
942 _2ddc
_cBK
999 _c168950
_d168950